=LDR 00000nam 2200000 4500 =001 INLIS000000000004719 =005 20200430080319 =035 ##$$a 0010-061300000004719 =008 200430################g##########0#ind## =041 ##$$a Ind =082 ##$$a 2x3.4 =090 ##$$a 2x3.4, Mif k =100 ##$$a Miftahuzzaman =245 1#$$a Kedatangan Nabi di abad ini : $b Sebuah kajian yang mengungkapkan masih terbukanya pintu kenabian dan datangnya seorang utusan Allah SWT. di zaman ini /$c H. Miftahuzzaman =260 ##$$a Solo :$b Aneka,$c 2000 =300 ##$$a 92 hlm : $b ilus ; $c 21 x 15 cm =650 #4$$a Nabi dan Rasul =850 ##$$a NBPNMAT =084 ##$$a 2x3.4 MIF k =504 ##$$a Bibliografi: halaman 92 =990 ##$$a DW00015095 =990 ##$$a DW00015096 =990 ##$$a DW00015097 =990 ##$$a DW00015098 =990 ##$$a DW00015099